000 00853nam a22002897a 4500
001 5452
003 FISKH
005 20241206164736.0
008 241206b cb ||||| |||| 00| 0 eng d
020 _a9780545255066
040 _aFISKH
_beng
_cFISKH
_dFISKH
050 _aHV6432.Z85
082 _a973.931
100 _aZullo, Allan
245 _aHeroes of 9/11 /
_cby Allan Zullo
250 _aFirst Scholastic printing , September 2011
260 _aNew York :
_bScholastic ;
_c2011 .
300 _a181 pages :
_billustrations ;
_c20 cm .
505 _aZ
520 _aTen stories of the first-responders who risked their lives on September 11, 2001.
521 8 _a980
_bLexile
521 8 _aZ
_bRaz-Plus
650 _ahistorical
_vNon-fiction
650 _abiography
_vNon-fiction
942 _2ddc
_cBK
_n0
999 _c5452
_d5452